000 00244nam a2200097Ia 4500
001 687349
005 20250826161554.0
008 250824s9999 xx 000 0 und d
245 0 _aBEDEN VE AKIL
_cBRİGİTTE LABBE
260 _bGÜNIŞIĞI YAYINLARI
999 _c687349
_d687349